[Event "III Calvia International Open"]
[Site "Calvia"]
[Date "2006.10.21"]
[Round "2.26"]
[White "Movsziszian, Karen"]
[Black "Fernandez Lozano, Francesc"]
[Result "1-0"]
[WhiteElo "2456"]
[BlackElo "2074"]
[PlyCount "101"]
[EventDate "2006.10.20"]

1. e4 g6 2. d4 Bg7 3. Nc3 d6 4. Be3 a6 5. Qd2 b5 6. h4 h5 7. f3 Nd7 8. Nh3 Bb7
9. O-O-O c5 10. dxc5 Nxc5 11. Kb1 Rc8 12. Ng5 Ne6 13. Nxe6 fxe6 14. Ne2 e5 15.
g3 Bc6 16. Bh3 Bd7 17. Bxd7+ Qxd7 18. f4 Qc6 19. fxe5 dxe5 20. Nc3 Nf6 21. Bg5
O-O 22. Bxf6 Qxf6 23. g4 e6 24. gxh5 gxh5 25. Rhg1 Rcd8 26. Qe2 Rxd1+ 27. Qxd1
Qxh4 28. a3 Qf2 29. Rh1 Qg2 30. Qxh5 Rf1+ 31. Rxf1 Qxf1+ 32. Qd1 Qxd1+ 33. Nxd1
Kf7 34. Nf2 Ke7 35. Nd3 Kd6 36. b4 Bh6 37. Nc5 Be3 38. Nxa6 Kc6 39. Kb2 Kb6 40.
Nc5 Bxc5 41. bxc5+ Kxc5 42. Kc3 Kb6 43. Kb4 Kc6 44. c4 bxc4 45. Kxc4 Kb6 46. a4
Kc6 47. a5 Kd6 48. Kb5 Kc7 49. Kc5 Kd7 50. Kb6 Kc8 51. Kc6 1-0

[Event "III Calvia International Open"]
[Site "Calvia"]
[Date "2006.10.21"]
[Round "2.27"]
[White "Bruzon, Lazaro"]
[Black "Moreno Mateos, Jose Luis"]
[Result "1-0"]
[WhiteElo "2648"]
[BlackElo "1888"]
[PlyCount "49"]
[EventDate "2006.10.20"]

1. e4 c6 2. d4 d5 3. Nc3 dxe4 4. Nxe4 Nf6 5. Nxf6+ gxf6 6. Bc4 Bf5 7. Ne2 e6 8.
Bf4 Bd6 9. O-O Qc7 10. Bxd6 Qxd6 11. Bd3 Bg6 12. Qd2 Nd7 13. Rfd1 O-O-O 14. Qe3
Kb8 15. c4 c5 16. Bxg6 hxg6 17. h3 cxd4 18. Rxd4 Qe5 19. Qd2 Qc7 20. Rd1 Kc8
21. Nc3 Ne5 22. Nb5 Rxd4 23. Qxd4 Qb6 24. Nxa7+ Kc7 25. Nb5+ 1-0

[Event "III Calvia International Open"]
[Site "Calvia"]
[Date "2006.10.21"]
[Round "2.30"]
[White "Beltran, Jorge"]
[Black "Eppinger, Georg"]
[Result "0-1"]
[WhiteElo "2154"]
[BlackElo "2277"]
[PlyCount "88"]
[EventDate "2006.10.20"]

1. d4 Nf6 2. c4 c5 3. Nf3 cxd4 4. Nxd4 e5 5. Nb5 d5 6. cxd5 Bb4+ 7. N5c3 O-O 8.
Bg5 Qxd5 9. Bxf6 Qxd1+ 10. Kxd1 gxf6 11. g4 Nc6 12. e3 Bxg4+ 13. Kc2 Bf5+ 14.
Bd3 Bxd3+ 15. Kxd3 Rfd8+ 16. Ke2 Rac8 17. Nd2 Bxc3 18. bxc3 Na5 19. Rac1 Nc4
20. Rhg1+ Kf8 21. Nxc4 Rxc4 22. Rc2 Rdc8 23. Kd2 R8c5 24. f3 Rd5+ 25. Ke2 a6
26. Rg2 e4 27. fxe4 Rxe4 28. c4 Rde5 29. Rc3 f5 30. Kf3 Rh4 31. Kg3 Ree4 32. h3
Rxc4 33. Rd3 Rhe4 34. Rb2 Rxe3+ 35. Rxe3 f4+ 36. Kf3 fxe3 37. Rxb7 Ra4 38. Kxe3
Rxa2 39. Kf4 Kg7 40. h4 Ra4+ 41. Kg5 h6+ 42. Kh5 Ra5+ 43. Kg4 h5+ 44. Kf4 Kg6
0-1

[Event "III Calvia International Open"]
[Site "Calvia"]
[Date "2006.10.21"]
[Round "2.33"]
[White "Leskovar, Mario"]
[Black "Serrano Bozada, Esteban"]
[Result "1/2-1/2"]
[WhiteElo "2373"]
[BlackElo "2073"]
[PlyCount "75"]
[EventDate "2006.10.20"]

1. e4 e6 2. d4 d5 3. Nc3 Bb4 4. Nge2 dxe4 5. a3 Be7 6. Nxe4 Nf6 7. Qd3 O-O 8.
Bf4 Nbd7 9. O-O-O Nxe4 10. Qxe4 Nf6 11. Qf3 Nd5 12. Kb1 Nxf4 13. Nxf4 Qd6 14.
Bd3 Bd7 15. Rhe1 Bc6 16. Qh5 h6 17. Qg4 Bg5 18. g3 Rad8 19. h4 f5 20. Qe2 Bxf4
21. gxf4 Qxf4 22. Qxe6+ Kh8 23. Rg1 Qxd4 24. Rg6 Qxh4 25. Rdg1 Rd6 26. Qe3 Rxg6
27. Rxg6 Qh1+ 28. Ka2 Qd5+ 29. b3 Qf7 30. Rxh6+ gxh6 31. Qxh6+ Kg8 32. Bc4 Bd5
33. Bxd5 Qxd5 34. Qg6+ Kh8 35. Qh6+ Kg8 36. Qg6+ Kh8 37. Qh6+ Kg8 38. Qg6+
1/2-1/2

[Event "III Calvia International Open"]
[Site "Calvia"]
[Date "2006.10.21"]
[Round "2.34"]
[White "Tate, Alan"]
[Black "Galiana, Juan Ramon"]
[Result "1-0"]
[WhiteElo "2052"]
[BlackElo "2291"]
[PlyCount "133"]
[EventDate "2006.10.20"]

1. e4 e6 2. d4 d5 3. Nd2 Nf6 4. e5 Nfd7 5. Bd3 b6 6. Qe2 c5 7. c3 cxd4 8. cxd4
Nc6 9. Ngf3 Nb4 10. O-O Nxd3 11. Qxd3 a5 12. Re1 Be7 13. h4 h6 14. g3 Ba6 15.
Qe3 Nf8 16. Kg2 Qd7 17. a3 Qb5 18. Nb1 Nd7 19. Nc3 Qb3 20. Bd2 b5 21. Nd1 Qxe3
22. Rxe3 Bd8 23. Rc3 Bb6 24. b3 Ke7 25. Rac1 Rhb8 26. R3c2 Bd8 27. Ne1 Ke8 28.
f4 a4 29. b4 Nb6 30. Nf3 Nc4 31. Rc3 Bb6 32. Be3 Ra7 33. Kf2 Rc7 34. Ne1 Rbc8
35. Nd3 Bb7 36. Ke2 Ke7 37. Nc5 Bc6 38. Kd3 Be8 39. g4 f6 40. h5 f5 41. gxf5
exf5 42. Bf2 Bxh5 43. Bh4+ Kf7 44. e6+ Kg8 45. Ne3 Bf3 46. Nxc4 dxc4+ 47. Kd2
Bxc5 48. bxc5 Be4 49. Rg3 Re8 50. Rg6 Bd5 51. e7 Bf7 52. Rd6 g5 53. fxg5 Rcxe7
54. g6 c3+ 55. Kxc3 Re3+ 56. Kb4 Bc4 57. c6 Kg7 58. Rg1 Be6 59. Kc5 Rc3+ 60.
Kb6 Bc8 61. Bf6+ Kg8 62. d5 Rd3 63. Rh1 Rf8 64. Ba1 Rxa3 65. c7 f4 66. Rd8 Rh3
67. g7 1-0

[Event "III Calvia International Open"]
[Site "Calvia"]
[Date "2006.10.21"]
[Round "2.35"]
[White "Rodriguez Lopez, Rafael"]
[Black "Coimbra, Margarida"]
[Result "1-0"]
[WhiteElo "2289"]
[BlackElo "2047"]
[PlyCount "41"]
[EventDate "2006.10.20"]

1. d4 d5 2. Nf3 Nf6 3. c4 c6 4. e3 Bf5 5. Nc3 e6 6. Nh4 Bg6 7. Be2 Nbd7 8. O-O
Bd6 9. g3 O-O 10. Nxg6 hxg6 11. a3 a5 12. Bd2 Qe7 13. Qc2 dxc4 14. Bxc4 e5 15.
dxe5 Nxe5 16. Be2 Rfd8 17. Rad1 Bc7 18. Kg2 Qc5 19. e4 Nc4 20. Be1 Rxd1 21.
Nxd1 1-0

[Event "III Calvia International Open"]
[Site "Calvia"]
[Date "2006.10.21"]
[Round "2.36"]
[White "Grant, Jonathan"]
[Black "Haraldsson, Leif"]
[Result "1-0"]
[WhiteElo "2271"]
[BlackElo "2047"]
[PlyCount "77"]
[EventDate "2006.10.20"]

1. c4 f5 2. Nc3 Nf6 3. g3 e6 4. Bg2 Be7 5. Nf3 O-O 6. O-O d5 7. d4 c6 8. Bf4
Ne4 9. Qc2 Nd7 10. Ne5 Nxe5 11. Bxe5 Bf6 12. Bxf6 Nxf6 13. Rad1 Qe8 14. f3 Bd7
15. b3 Qh5 16. Qd2 Rad8 17. e4 Qg6 18. exd5 exd5 19. Ne2 Qf7 20. c5 Rde8 21.
Nf4 Re7 22. Rfe1 Rfe8 23. Nd3 Rxe1+ 24. Rxe1 Rxe1+ 25. Qxe1 Qe6 26. Ne5 Be8 27.
Qa5 Nd7 28. Qc7 b6 29. Qxc6 Nxc5 30. Qa8 a5 31. h4 g6 32. dxc5 Qxe5 33. f4 Qe3+
34. Kh2 Kg7 35. cxb6 g5 36. hxg5 d4 37. Qa7+ Kg6 38. b7 Kh5 39. b8=Q 1-0

[Event "III Calvia International Open"]
[Site "Calvia"]
[Date "2006.10.21"]
[Round "2.37"]
[White "Ruiz Vinals, Matias"]
[Black "Barcelo, Pedro"]
[Result "1-0"]
[WhiteElo "2030"]
[BlackElo "2261"]
[PlyCount "53"]
[EventDate "2006.10.20"]

1. d4 d5 2. c4 c6 3. Nc3 Nf6 4. Nf3 e6 5. Bg5 h6 6. Bh4 dxc4 7. e4 g5 8. Bg3 b5
9. h4 g4 10. Ne5 h5 11. f3 Bb4 12. Be2 Bb7 13. O-O Nbd7 14. fxg4 hxg4 15. Nxf7
Kxf7 16. e5 Bxc3 17. bxc3 Qg8 18. Qd2 Rh5 19. exf6 Nb6 20. Rf4 Rh6 21. Rxg4 Rg6
22. Rg5 Rxg5 23. hxg5 Qg6 24. Qf4 Rd8 25. Qh4 Kg8 26. Rf1 Rd7 27. Bh5 1-0

[Event "III Calvia International Open"]
[Site "Calvia"]
[Date "2006.10.21"]
[Round "2.39"]
[White "Loerke, Reinhard"]
[Black "Ehsan, Ali"]
[Result "0-1"]
[WhiteElo "2014"]
[BlackElo "2236"]
[PlyCount "110"]
[EventDate "2006.10.20"]

1. e4 e5 2. Nf3 Nf6 3. Nxe5 d6 4. Nxf7 Kxf7 5. d4 c5 6. dxc5 Nc6 7. Bc4+ Be6 8.
Bxe6+ Kxe6 9. O-O Kf7 10. f4 dxc5 11. e5 Qxd1 12. Rxd1 Ne8 13. Rd7+ Be7 14.
Rxb7 Rb8 15. Rxb8 Nxb8 16. Be3 Nc6 17. c3 Nc7 18. Nd2 Nd5 19. Kf2 Ke6 20. c4
Ndb4 21. Kf3 Rf8 22. Ke4 Nc2 23. Rf1 Nxe3 24. Kxe3 g5 25. g3 gxf4+ 26. gxf4 Nd4
27. Ke4 Rd8 28. Rf2 Nf5 29. Nb3 Rd1 30. Nd2 Re1+ 31. Kd3 Re3+ 32. Kc2 Bh4 33.
Rf1 Re2 34. Kc1 Rxh2 35. Ne4 Be7 36. b4 cxb4 37. c5 Rxa2 38. Kb1 Re2 39. Nd6
Nxd6 40. cxd6 Bd8 41. Rh1 a5 42. Rxh7 a4 43. Rb7 Ba5 44. Rb5 Re1+ 45. Kb2 Re2+
46. Kb1 Re1+ 47. Kb2 a3+ 48. Ka2 Re2+ 49. Ka1 Re1+ 50. Ka2 Re2+ 51. Ka1 a2 52.
d7 Kxd7 53. Rxa5 b3 54. Rd5+ Kc6 55. Rd1 Kc5 0-1

[Event "III Calvia International Open"]
[Site "Calvia"]
[Date "2006.10.21"]
[Round "2.40"]
[White "Tscharotschkin, Michael"]
[Black "Sparreboom, Willem"]
[Result "0-1"]
[WhiteElo "2215"]
[BlackElo "1993"]
[PlyCount "85"]
[EventDate "2006.10.20"]

1. e4 e6 2. Nf3 d5 3. exd5 exd5 4. d4 Nf6 5. c4 Bb4+ 6. Nc3 O-O 7. Be2 Ne4 8.
Bd2 Nxd2 9. Qxd2 dxc4 10. Bxc4 Re8+ 11. Ne5 Be6 12. Bxe6 Rxe6 13. O-O-O Nd7 14.
Rhe1 Nxe5 15. Rxe5 Qd7 16. Rxe6 Qxe6 17. Re1 Qd6 18. g3 Rd8 19. a3 Bxc3 20.
Qxc3 h6 21. Kb1 c6 22. Re4 Qd5 23. Qe3 Kf8 24. h4 a5 25. Re5 Qd7 26. Rxa5 b5
27. Qc3 Qf5+ 28. Ka1 Qxf2 29. Qc5+ Kg8 30. Ra6 b4 31. Ka2 b3+ 32. Kxb3 Qxg3+
33. Ka2 Qxh4 34. Rxc6 Qe4 35. Rd6 Re8 36. d5 h5 37. Rb6 Qe5 38. Qc6 h4 39. Qc4
h3 40. d6 h2 41. d7 h1=Q 42. dxe8=Q+ Qxe8 43. Qb3 0-1

[Event "III Calvia International Open"]
[Site "Calvia"]
[Date "2006.10.22"]
[Round "3.1"]
[White "Vallejo Pons, Francisco"]
[Black "Gajewski, Grzegorz"]
[Result "1/2-1/2"]
[WhiteElo "2674"]
[BlackElo "2515"]
[PlyCount "109"]
[EventDate "2006.10.20"]

1. c4 Nf6 2. Nc3 e6 3. Nf3 d5 4. d4 Bb4 5. Bg5 Nbd7 6. cxd5 exd5 7. Qa4 c5 8.
dxc5 Bxc3+ 9. bxc3 O-O 10. Qb4 Qe7 11. e3 Qxc5 12. Bxf6 Qxb4 13. cxb4 Nxf6 14.
Bd3 a5 15. b5 Be6 16. Nd4 Rfc8 17. f3 Rc3 18. Kd2 Rac8 19. b6 Nd7 20. Rhb1 Kf8
21. Bxh7 Ne5 22. Rb3 R3c5 23. Bd3 Ke7 24. Rab1 Bd7 25. Ra3 Kd6 26. h3 a4 27.
Be2 Nc4+ 28. Bxc4 Rxc4 29. Rd3 Ke5 30. a3 Kd6 31. h4 Ke5 32. g4 Rh8 33. h5 f5
34. Rg1 fxg4 35. fxg4 Rf8 36. Ke2 Ke4 37. g5 Bh3 38. Nb5 Rc2+ {Diagrama} 39.
Rd2 Bf1+ 40. Rxf1 Rxd2+ 41. Kxd2 Rxf1 42. Nd6+ Kf3 43. h6 gxh6 44. gxh6 Rh1 45.
Nf7 Kg4 46. Kc3 Kf5 47. Kd4 Ke6 48. Nd8+ Kd7 49. Nxb7 Kc6 50. Nc5 Kxb6 51.
Nxa4+ Kc6 52. Nc3 Rh4+ 53. e4 dxe4 54. Nxe4 Rxh6 55. a4 1/2-1/2

[Event "III Calvia International Open"]
[Site "Calvia"]
[Date "2006.10.22"]
[Round "3.2"]
[White "Neelotpal, Das"]
[Black "Spraggett, Kevin"]
[Result "1/2-1/2"]
[WhiteElo "2490"]
[BlackElo "2610"]
[PlyCount "48"]
[EventDate "2006.10.20"]

1. e4 c5 2. Nf3 d6 3. Nc3 Nc6 4. d4 cxd4 5. Nxd4 Nf6 6. Bg5 e6 7. Qd2 Be7 8.
O-O-O Qb6 9. f3 a6 10. Be3 Qc7 11. g4 b5 12. g5 Nd7 13. Nxc6 Qxc6 14. Ne2 Bb7
15. Nd4 Qc7 16. Kb1 Rc8 17. h4 Ne5 18. Qg2 g6 19. h5 Rf8 20. hxg6 hxg6 21. Bc1
Nc4 22. Bd3 e5 23. Ne2 b4 24. f4 Qc5 1/2-1/2

[Event "III Calvia International Open"]
[Site "Calvia"]
[Date "2006.10.22"]
[Round "3.4"]
[White "Romanishin, Oleg M"]
[Black "Libiszewski, Fabien"]
[Result "1-0"]
[WhiteElo "2542"]
[BlackElo "2469"]
[PlyCount "45"]
[EventDate "2006.10.20"]

1. d4 d5 2. Nf3 Nf6 3. c4 c6 4. Nc3 dxc4 5. a4 Bf5 6. Nh4 Bd7 7. e4 e6 8. Bxc4
Nxe4 9. Nxe4 Qxh4 10. Qf3 Bb4+ 11. Kf1 h6 12. Bf4 O-O 13. Be5 f5 14. Ng3 Na6
15. Nh5 Nc5 16. Nxg7 Ne4 17. Rd1 Ng5 18. Qb3 Ne4 19. g3 Qh3+ 20. Kg1 a5 21. f3
Nd2 22. Rxd2 Bxd2 23. Bf1 1-0

[Event "III Calvia International Open"]
[Site "Calvia"]
[Date "2006.10.22"]
[Round "3.5"]
[White "Caruana, Fabiano"]
[Black "Strikovic, Aleksa"]
[Result "0-1"]
[WhiteElo "2474"]
[BlackElo "2535"]
[PlyCount "98"]
[EventDate "2006.10.20"]

1. e4 c5 2. Nf3 e6 3. d4 cxd4 4. Nxd4 a6 5. Nc3 b5 6. Bd3 Qb6 7. Nf3 Qc7 8. O-O
d6 9. a4 b4 10. Na2 Nc6 11. Bd2 Rb8 12. c3 bxc3 13. Bxc3 Nf6 14. Qe2 Be7 15. b4
O-O 16. Rfc1 Qb7 17. Rab1 e5 18. h3 Qa8 19. Ra1 d5 20. exd5 Nxd5 21. Bxh7+ Kxh7
22. Qe4+ Kg8 23. Qxd5 Be6 24. Qe4 f5 25. Qe2 e4 26. b5 Nd8 27. Nd4 axb5 28.
axb5 Qd5 29. Rd1 Qc4 30. Qxc4 Bxc4 31. Nc6 Nxc6 32. bxc6 Rfc8 33. Rd7 Bf8 34.
c7 Ra8 35. Nb4 Rxa1+ 36. Bxa1 Be6 37. Rd8 Rxc7 38. Be5 Rc1+ 39. Kh2 Kf7 40. Bd6
Be7 41. Bxe7 Kxe7 42. Rd2 Kf6 43. Nc2 f4 44. g3 g5 45. Nd4 e3 46. fxe3 fxe3 47.
Rg2 Bd5 48. Rg1 Rc4 49. Rd1 Ke5 0-1

[Event "III Calvia International Open"]
[Site "Calvia"]
[Date "2006.10.22"]
[Round "3.7"]
[White "Conquest, Stuart"]
[Black "Movsziszian, Karen"]
[Result "1-0"]
[WhiteElo "2530"]
[BlackElo "2456"]
[PlyCount "134"]
[EventDate "2006.10.20"]

1. d4 d6 2. e4 Nf6 3. f3 Nbd7 4. Ne2 e5 5. d5 Be7 6. Ng3 g6 7. Be3 h5 8. c4 Nh7
9. Nc3 Bg5 10. Bf2 h4 11. Nge2 f5 12. exf5 gxf5 13. Qc2 Ndf6 14. g3 Nh5 15. Rg1
a6 16. Bh3 Qf6 17. f4 hxg3 18. hxg3 Bh6 19. O-O-O Bd7 20. Kb1 O-O 21. Rdf1 Kh8
22. Rh1 Qg6 23. fxe5 dxe5 24. g4 Ng7 25. Ng3 Bf4 26. Nce2 Bxg3 27. Nxg3 Rf6 28.
gxf5 Bxf5 29. Nxf5 Nxf5 30. Rfg1 Qf7 31. Qc3 Re8 32. Bg4 Rh6 33. Ka1 Qf6 34.
Qf3 Rf8 35. Bc5 Nd6 36. Rxh6 Qxh6 37. Be6 Qc1+ 38. Rxc1 Rxf3 39. b3 Ng5 40. Re1
e4 41. Bd4+ Kh7 42. Bg4 Rd3 43. Rd1 Rxd1+ 44. Bxd1 Kg6 45. Kb2 Kf5 46. c5 Nb5
47. Be3 Nf3 48. a4 Nbd4 49. Kc3 Ke5 50. d6 cxd6 51. cxd6 Nc6 52. d7 Kd6 53. Bc2
Kxd7 54. Bxe4 Nfe5 55. Bb6 a5 56. Bf5+ Kd6 57. Bc8 Nd7 58. Bxd7 Kxd7 59. Kc4
Kd6 60. Bc5+ Ke5 61. Bg1 Ke4 62. Bc5 Ke5 63. Bb6 Kd6 64. Bg1 Ke5 65. Kc5 Ke4
66. Kb6 Kd3 67. Kxb7 Ne7 1-0

[Event "III Calvia International Open"]
[Site "Calvia"]
[Date "2006.10.22"]
[Round "3.8"]
[White "Larino Nieto, David"]
[Black "Cramling, Pia"]
[Result "1/2-1/2"]
[WhiteElo "2406"]
[BlackElo "2528"]
[PlyCount "47"]
[EventDate "2006.10.20"]

1. e4 c5 2. d3 d5 3. Nd2 Nc6 4. g3 Nf6 5. Bg2 Bg4 6. Ngf3 e6 7. h3 Bh5 8. O-O
Be7 9. g4 Bg6 10. Nh4 dxe4 11. dxe4 Bxe4 12. Nxe4 Nxe4 13. Bxe4 Bxh4 14. Be3
Be7 15. Qf3 O-O 16. Rad1 Qc7 17. Bf4 e5 18. Bg3 Rad8 19. c3 g6 20. Bd5 Bg5 21.
Rfe1 Bf4 22. Bxf4 exf4 23. Bxc6 bxc6 24. Qe4 1/2-1/2

[Event "III Calvia International Open"]
[Site "Calvia"]
[Date "2006.10.22"]
[Round "3.9"]
[White "Hernandez, Holden"]
[Black "Borges Mateos, Juan"]
[Result "1/2-1/2"]
[WhiteElo "2524"]
[BlackElo "2431"]
[PlyCount "79"]
[EventDate "2006.10.20"]

1. Nf3 c5 2. c4 Nf6 3. g3 b6 4. Bg2 Bb7 5. O-O e6 6. Nc3 Be7 7. b3 O-O 8. Bb2
d6 9. d4 cxd4 10. Nxd4 Bxg2 11. Kxg2 Qc8 12. e3 Nbd7 13. f4 Re8 14. Qf3 Bf8 15.
Rad1 a6 16. g4 Nc5 17. g5 Nfd7 18. b4 Nb7 19. Nb3 a5 20. b5 a4 21. Nd2 a3 22.
Ba1 Na5 23. Qe2 Ra7 24. Rf3 f5 25. gxf6 Nxf6 26. Rg3 e5 27. Nde4 Nxe4 28. Nxe4
Rf7 29. fxe5 dxe5 30. Rf1 Qxc4 31. Qxc4 Nxc4 32. Nf6+ Rxf6 33. Rxf6 Nxe3+ 34.
Kh3 Nd5 35. Rf5 Nb4 36. Bxe5 Nxa2 37. Rxf8+ Kxf8 38. Bd4 Nb4 39. Rxa3 Nd5 40.
Ra7 1/2-1/2

[Event "III Calvia International Open"]
[Site "Calvia"]
[Date "2006.10.22"]
[Round "3.10"]
[White "Sulskis, Sarunas"]
[Black "Gomez, John Paul"]
[Result "1/2-1/2"]
[WhiteElo "2518"]
[BlackElo "2387"]
[PlyCount "86"]
[EventDate "2006.10.20"]

1. e4 c5 2. Nf3 d6 3. d4 cxd4 4. Nxd4 Nf6 5. Nc3 g6 6. Be3 Bg7 7. f3 Nc6 8. Qd2
O-O 9. O-O-O d5 10. Bh6 dxe4 11. Bxg7 Kxg7 12. Nxc6 Qxd2+ 13. Kxd2 bxc6 14.
Nxe4 Rd8+ 15. Bd3 Nxe4+ 16. fxe4 Bg4 17. Rde1 Rd4 18. e5 Rad8 19. Kc3 Bf5 20.
Re3 Rg4 21. g3 h5 22. Rf1 e6 23. Rf4 Rd5 24. b4 f6 25. exf6+ Kxf6 26. Rxg4 hxg4
27. Be4 Rd6 28. Rd3 Ke5 29. Rxd6 Kxd6 30. Kd4 e5+ 31. Ke3 Kc7 32. a4 Kb6 33.
Bd3 a5 34. c3 c5 35. bxa5+ Kxa5 36. Bb5 Kb6 37. Be8 Ka5 38. Kd2 Be4 39. Kc1 Bf5
40. Kb2 Be4 41. Kc1 Bf5 42. Kd2 Be4 43. Ke3 Bf5 1/2-1/2

[Event "III Calvia International Open"]
[Site "Calvia"]
[Date "2006.10.22"]
[Round "3.11"]
[White "Aaberg, Anton"]
[Black "Tiviakov, Sergei"]
[Result "0-1"]
[WhiteElo "2393"]
[BlackElo "2680"]
[PlyCount "120"]
[EventDate "2006.10.20"]

1. d4 Nf6 2. c4 e6 3. g3 d5 4. Nf3 Bb4+ 5. Bd2 Be7 6. Bg2 c6 7. Qc2 O-O 8. O-O
b6 9. Bf4 Bb7 10. Nbd2 Nh5 11. Rfd1 Nd7 12. Ne5 Nxf4 13. gxf4 Nxe5 14. dxe5 f5
15. cxd5 cxd5 16. Rac1 Bc5 17. Qa4 Qe7 18. Nb3 Rfc8 19. Rc3 a5 20. Nxc5 bxc5
21. Qa3 Kf7 22. Rdc1 c4 23. Qxe7+ Kxe7 24. e3 a4 25. Kf1 Bc6 26. Ke1 Rcb8 27.
R3c2 Rb6 28. Kd2 Rab8 29. Rb1 a3 30. Bf1 Ba4 31. b3 Kd8 32. Rc3 cxb3 33. Bd3
Rb4 34. h4 bxa2 35. Rxb4 Rxb4 36. Rxa3 Bb3 37. Kc3 Ra4 38. Rxa4 Bxa4 39. Kb2
Bb3 40. Bb5 Kc7 41. Be8 Bc4 42. Ba4 Kd8 43. Bc6 Ke7 44. Ba4 Kf7 45. Bd7 Bb3 46.
Ka1 Ke7 47. Bc6 Kd8 48. Kb2 Kc7 49. Be8 Kb6 50. Bd7 d4 51. exd4 Bd5 52. Ba4 Ka5
53. Bd1 Kb4 54. Bc2 h6 55. Bd1 Kc4 56. Kxa2 Kxd4+ 57. Kb2 Ke4 58. Kc3 Kxf4 59.
Kd4 g5 60. hxg5 hxg5 0-1

[Event "III Calvia International Open"]
[Site "Calvia"]
[Date "2006.10.22"]
[Round "3.12"]
[White "Lanzani, Mario"]
[Black "Bruzon, Lazaro"]
[Result "0-1"]
[WhiteElo "2335"]
[BlackElo "2648"]
[PlyCount "82"]
[EventDate "2006.10.20"]

1. e4 e5 2. Nf3 Nc6 3. Nc3 Nf6 4. Bb5 Bd6 5. d3 h6 6. a3 a6 7. Bc4 Bc5 8. Be3
d6 9. h3 O-O 10. O-O Bd7 11. b4 Ba7 12. Bxa7 Nxa7 13. Nh2 c6 14. f4 exf4 15.
Rxf4 Nb5 16. Qd2 Qb6+ 17. Rf2 Be6 18. Na4 Qa7 19. Bxe6 fxe6 20. c4 Nd4 21. Qe3
b5 22. Nc3 Nd7 23. Raf1 Rxf2 24. Rxf2 Ne5 25. Ng4 Nxg4 26. hxg4 e5 27. g5 hxg5
28. Qxg5 Ne6 29. Qg6 Nf4 30. Qxd6 Qe3 31. Nd1 Qe1+ 32. Kh2 Qxd1 33. Qxe5 Qh5+
34. Qxh5 Nxh5 35. Rf5 Nf6 36. Rc5 Rd8 37. e5 Nd7 38. Rxc6 Nxe5 39. Re6 Nxd3 40.
Rxa6 bxc4 41. Rc6 Ra8 0-1

[Event "III Calvia International Open"]
[Site "Calvia"]
[Date "2006.10.22"]
[Round "3.13"]
[White "Damljanovic, Branko"]
[Black "Gonzales, Jayson"]
[Result "1-0"]
[WhiteElo "2595"]
[BlackElo "2418"]
[PlyCount "107"]
[EventDate "2006.10.20"]

1. c4 d6 2. Nc3 e5 3. Nf3 f5 4. e4 Nf6 5. exf5 Bxf5 6. d4 Nc6 7. d5 Ne7 8. Bg5
Ng6 9. Bd3 Qd7 10. Bxf5 Qxf5 11. h4 Be7 12. Qa4+ Nd7 13. Bxe7 Kxe7 14. O-O-O
Rhf8 15. Rd2 Nf4 16. Ne1 a6 17. g3 Nc5 18. Qc2 Qxc2+ 19. Kxc2 Nh5 20. b4 Nd7
21. a3 h6 22. Nd3 Rf3 23. Re1 Raf8 24. Ree2 Kd8 25. c5 Ndf6 26. Ne1 Rf5 27. Kb2
g5 28. hxg5 hxg5 29. Nc2 g4 30. Ne3 Rg5 31. Nc4 Ne8 32. Ne4 Rg6 33. cxd6 cxd6
34. Rc2 Rf7 35. Re3 Rc7 36. Rec3 Nhg7 37. Rc1 Nf5 38. Rh1 Ne7 39. Ne3 Rxc3 40.
Kxc3 Nc7 41. Rh8+ Kd7 42. Rh7 Kd8 43. Kd3 b5 44. Nc3 Rf6 45. Ke2 Rg6 46. Kd3
Ne8 47. Rh8 Kd7 48. a4 Nc7 49. axb5 axb5 50. Rb8 Rf6 51. Nxg4 Rf7 52. Ke4 Nc8
53. Nxb5 Na6 54. Rxc8 1-0

[Event "III Calvia International Open"]
[Site "Calvia"]
[Date "2006.10.22"]
[Round "3.14"]
[White "Ghaem Maghami, Ehsan"]
[Black "Jones, Gawain C"]
[Result "1-0"]
[WhiteElo "2580"]
[BlackElo "2430"]
[PlyCount "51"]
[EventDate "2006.10.20"]

1. c4 c5 2. Nf3 Nc6 3. d4 cxd4 4. Nxd4 g6 5. e4 Bg7 6. Be3 Nf6 7. Nc3 O-O 8.
Be2 b6 9. O-O Bb7 10. f4 d6 11. Qd3 Nb4 12. Qd2 Na6 13. Bf3 Nc5 14. Qc2 e5 15.
Nde2 exf4 16. Bxc5 bxc5 17. e5 dxe5 18. Bxb7 Ng4 19. Bxa8 Ne3 20. Qe4 Qxa8 21.
Qxa8 Rxa8 22. Rfc1 Nxc4 23. Nd1 Nb6 24. Rxc5 e4 25. Kf1 Bf8 26. Rb5 1-0

[Event "III Calvia International Open"]
[Site "Calvia"]
[Date "2006.10.22"]
[Round "3.15"]
[White "Heberla, Bartlomiej"]
[Black "Mareco, Sandro"]
[Result "1-0"]
[WhiteElo "2569"]
[BlackElo "2335"]
[PlyCount "69"]
[EventDate "2006.10.20"]

1. e4 e5 2. Bc4 Nf6 3. d3 c6 4. Nf3 Be7 5. O-O d6 6. a4 a5 7. Nbd2 O-O 8. Re1
Nbd7 9. c3 d5 10. Bb3 Bd6 11. Nf1 h6 12. Ng3 Re8 13. Be3 Nf8 14. Nh4 Ne6 15.
Nhf5 Bf8 16. Qf3 Ng5 17. Qe2 Kh7 18. Qd2 Ne6 19. exd5 Nxd5 20. d4 Nxe3 21. Nxe3
exd4 22. Red1 g6 23. cxd4 Bg7 24. Ne2 Qb6 25. Qc2 Rd8 26. Rac1 Rxd4 27. Nxd4
Nxd4 28. Rxd4 Qxd4 29. Bxf7 Qf6 30. Qc4 Bd7 31. Rd1 Rd8 32. b3 Bc8 33. Rxd8
Qxd8 34. Qe4 Qf6 35. Qe8 1-0

[Event "III Calvia International Open"]
[Site "Calvia"]
[Date "2006.10.22"]
[Round "3.16"]
[White "Eppinger, Georg"]
[Black "Godena, Michele"]
[Result "0-1"]
[WhiteElo "2277"]
[BlackElo "2522"]
[PlyCount "46"]
[EventDate "2006.10.20"]

1. e4 e5 2. Nf3 Nc6 3. Bb5 a6 4. Ba4 Nf6 5. O-O b5 6. Bb3 Bc5 7. Nxe5 Nxe5 8.
d4 Bxd4 9. Qxd4 d6 10. Bd5 c5 11. Qd1 Rb8 12. f4 Ned7 13. Bc6 O-O 14. Re1 Rb6
15. Bxd7 Qxd7 16. b4 cxb4 17. Bb2 d5 18. Qd4 Rc6 19. e5 Rc4 20. Qd3 Qa7+ 21.
Kh1 Ne4 22. Rf1 Bf5 23. Qe2 Rfc8 0-1

[Event "III Calvia International Open"]
[Site "Calvia"]
[Date "2006.10.22"]
[Round "3.17"]
[White "Manik, Mikulas"]
[Black "So, Wesley"]
[Result "1/2-1/2"]
[WhiteElo "2454"]
[BlackElo "2411"]
[PlyCount "77"]
[EventDate "2006.10.20"]

1. e4 c5 2. Nf3 Nc6 3. Bb5 g6 4. Bxc6 dxc6 5. h3 Bg7 6. d3 Nf6 7. Nc3 Nd7 8.
Be3 e5 9. O-O Qe7 10. Qd2 Nf8 11. Bh6 Ne6 12. Bxg7 Nxg7 13. a3 f6 14. Nh2 O-O
15. f4 exf4 16. Rxf4 Bd7 17. Rf2 b6 18. Raf1 Rf7 19. Nf3 Raf8 20. Qh6 Ne6 21.
Ne2 Qd6 22. Nh2 Ng7 23. Nf4 Ne6 24. Nxe6 Bxe6 25. Nf3 Qe7 26. h4 Bg4 27. Nh2
Bc8 28. Rf4 Qe5 29. b3 Qe7 30. Nf3 Bd7 31. Re1 Be6 32. Kh2 Qc7 33. g3 Qe7 34.
Re2 Rg7 35. Re3 Rgf7 36. Re2 Re8 37. Rf2 Ref8 38. Kg1 Re8 39. Kh2 1/2-1/2

[Event "III Calvia International Open"]
[Site "Calvia"]
[Date "2006.10.22"]
[Round "3.18"]
[White "Juan Mas, Santiago"]
[Black "Bartel, Mateusz"]
[Result "0-1"]
[WhiteElo "2059"]
[BlackElo "2569"]
[PlyCount "68"]
[EventDate "2006.10.20"]

1. d4 Nf6 2. Bg5 e6 3. e4 h6 4. Bxf6 Qxf6 5. Qd2 d5 6. Nc3 c6 7. Nf3 Bb4 8.
exd5 cxd5 9. Bd3 Nc6 10. O-O Bd7 11. Bb5 O-O 12. Rfe1 Rfc8 13. Re3 a6 14. Bxc6
Bxc6 15. Ne5 Be8 16. Rae1 Qg5 17. h4 Qxh4 18. Rg3 Bd6 19. Ree3 Bxe5 20. Rxe5
Rc6 21. Qe3 Rc4 22. f4 Rac8 23. Rh3 Qf6 24. g4 Qg6 25. Rh2 Bd7 26. Rg2 f6 27.
Rh5 Qf7 28. Rhh2 e5 29. fxe5 fxe5 30. Ne2 exd4 31. Qd3 Rxc2 32. Rf2 Qe6 33.
Nxd4 Qxg4+ 34. Rfg2 Rc1+ 0-1

[Event "III Calvia International Open"]
[Site "Calvia"]
[Date "2006.10.22"]
[Round "3.21"]
[White "Pechy, Alaster"]
[Black "Laylo, Darwin"]
[Result "0-1"]
[WhiteElo "2176"]
[BlackElo "2448"]
[PlyCount "50"]
[EventDate "2006.10.20"]

1. e4 c5 2. Nf3 e6 3. Nc3 a6 4. d4 cxd4 5. Nxd4 Qc7 6. Be3 Nf6 7. a3 b5 8. Be2
Bb7 9. f3 d5 10. exd5 Nxd5 11. Nxd5 Bxd5 12. Qd2 Nd7 13. O-O Bd6 14. g3 Nb6 15.
b3 Bc5 16. Bd3 O-O 17. Qf2 Nd7 18. Rfc1 Rfc8 19. Be2 Qd6 20. c4 bxc4 21. bxc4
Bb7 22. Rd1 Qe7 23. Nb3 Bxe3 24. Qxe3 Rc7 25. Rac1 Qxa3 0-1